000
00198nam a22000857a 4500
008
160706b xxu||||| |||| 00| 0 eng d
100
_9
2338
_a
Chandra, B
245
_a
Modern India
260
_a
NCERT
_c
1971
999
_c
2015
_d
2015